| 000 | 00330nam a2200121Ia 4500 | ||
|---|---|---|---|
| 008 | 220217s9999||||xx |||||||||||||| ||und|| | ||
| 082 | _a621.381 5 DIP | ||
| 100 |
_aDipankar, Nagchoudhari _93732 |
||
| 245 | 0 | _aMicro electronic devices | |
| 260 |
_aPearson education asia _bDelhi _c2001 |
||
| 300 | _b225 | ||
| 650 | _aCIRCUITRY | ||
| 999 |
_c172459 _d172459 |
||